000 00712nam a22002417a 4500
003 0
005 20250923105540.0
008 250923b xxu||||| |||| 00| 0 eng d
020 _a978-1-394-23730-2
050 _aHD 62.5
_b.C87 2025
100 _aCurtis, Veechi,
_eauthor.
245 _aCreating a business plan /
_cVeechi Curtis.
250 _aSecond edition.
260 _aMelbourne, Vic :
_bJohn Wiley & Sons Australia, Ltd,
_c2025.
300 _axii, 286 pages ;
_c24 cm.
440 _aLearning made easy.
440 _afor dummies.
504 _aIncludes index.
650 _aBusiness planning.
650 _aNew business enterprises
_xPlanning.
650 _aEntrepreneurship.
942 _2lcc
_cBK
999 _c368069
_d368069